000
00236nam a22000857a 4500
008
160914b xxu||||| |||| 00| 0 eng d
100
_9
414
_a
Aggarwal.R.S ettal
245
_a
Mental Mathematics
260
_a
New Delhi
_b
S. Chand Publications
_c
2012
999
_c
3071
_d
3071